Shortest possible route between two countries - Statistics

General Stats
  • This quiz has been taken 1,623 times
  • The average score is 32 of 42
Answer Stats
Answer % Correct
China/Russia
99%
North Korea
99%
Afghanistan/Azerbaijan/Georgia/Pakistan
90%
Iran/Turkey
90%
Saudi Arabia
90%
Iraq
89%
Brazil
86%
Germany
86%
Poland
81%
Indonesia
77%
Russia
77%
Egypt
76%
Ethiopia/South Sudan
76%
France
76%
Israel
76%
Sudan
76%
Syria
76%
Turkey
76%
Azerbaijan/Georgia
75%
Chad/Nigeria
75%
Democratic Republic of the Congo/Kenya
75%
Libya/Niger
75%
Malaysia
75%
Morocco
75%
Spain
75%
Algeria
74%
China
74%
Mozambique
74%
Myanmar/Laos
74%
Russia
74%
Tanzania/Zambia
74%
Thailand
74%
France
71%
Guatemala
71%
Brazil
70%
Colombia
70%
Costa Rica
70%
Germany
70%
Honduras
70%
Nicaragua
70%
Panama
70%
Poland
70%
No matching quizzes found
Score Distribution
Percent of People with Each Score
Percentile by Number Answered
Your Score History
You have not taken this quiz